Human Anatomy and Physiology (Record no. 8713)

MARC details
000 -LEADER
fixed length control field 03333nam a22001817a 4500
003 - CONTROL NUMBER IDENTIFIER
control field OSt
008 - FIXED-LENGTH DATA ELEMENTS--GENERAL INFORMATION
fixed length control field 200707b ||||| |||| 00| 0 eng d
020 ## - INTERNATIONAL STANDARD BOOK NUMBER
International Standard Book Number 9789374735459
082 ## - DEWEY DECIMAL CLASSIFICATION NUMBER
Classification number 611 SUH
100 ## - MAIN ENTRY--PERSONAL NAME
Personal name Surbhi, Bansal
245 ## - TITLE STATEMENT
Title Human Anatomy and Physiology
250 ## - EDITION STATEMENT
Edition statement 1 January 2014
Remainder of edition statement Hindi
260 ## - PUBLICATION, DISTRIBUTION, ETC. (IMPRINT)
Place of publication, distribution, etc New Delhi
Name of publisher, distributor, etc AITBS Publishers and Distributors
300 ## - PHYSICAL DESCRIPTION
Extent Pg. 344, Dimensions: 20 x 14 x 4 cm
500 ## - GENERAL NOTE
General note शरीर रचना विज्ञान (एनाटाॅमी) चिकित्सा-विज्ञान की वह शाखा है जिसमें शरीर की रचना एवं उसके विभिन्न अंगों के पारस्परिक संबंधों का अध्ययन किया जाता है तथा शरीर क्रिया विज्ञान (फिशियोलाॅजी) चिकित्सा-विज्ञान की वह शाखा है जिसमें शरीर में संपन्न होने वाली क्रियाओं का अध्ययन किया जाता है। इन दोनों विषयों का एक ही पुस्तक में समावेश किया गया है। प्रस्तुत पुस्तक की विषय सामग्री को अथक परिश्रम के पश्चात बहुत सोच समझकर सुव्यवस्थित ढंग से लिखा गया हैं। प्रस्तुत पुस्तक चिकित्सा क्षेत्र से संबद्ध पूर्वस्नातक एवं परास्नातक छात्रों, पैरामेडिकल कोर्स के छात्रों तथा चिकित्सकों के लिए अति उपयोगी है। पुस्तक बहुत ही सरल और आसानी से समझ में आने वाली भाषा में लिखी गयी है। हिंदी के तकनीकी शब्दों के आगे ब्रैकट में अँग्रेजी के समानार्थक शब्दों को लिखा गया है। अतः पुस्तक पढ़ने में कहीं कोई व्यवधान या भ्रांति उत्पन्न नहीं होगी, सभी बाते आसानी से समझ में आती जायेंगी और पुस्तक को पढ़ने में पाठकों की रुचि बनी रहेगी। विषय को समझाने के लिए पर्याप्त संख्या में चित्र एवं सारणियाँ दी गई हैं। समस्त अंगों की जानकारी अनेकों चित्रों के माध्यम से देते हुए सभी अंगों की विस्तृत कार्य प्रणाली का बोध कराया गया है।
650 ## - SUBJECT ADDED ENTRY--TOPICAL TERM
Topical term or geographic name as entry element Human Anatomy and Physiology
942 ## - ADDED ENTRY ELEMENTS (KOHA)
Source of classification or shelving scheme Dewey Decimal Classification
Koha item type Text Books
Holdings
Withdrawn status Lost status Source of classification or shelving scheme Damaged status Not for loan Collection code Home library Current library Date acquired Source of acquisition Currency Cost, normal purchase price Bill Number Total Checkouts Full call number Acc. no. / Barcode Date last seen Actual Cost, discounted price Bill Date Koha item type Date last borrowed
    Dewey Decimal Classification     B.Pharma PIET C-LIBRARY PIET C-LIBRARY 01/02/2020 Kirti Prakashan IN Rupees 379.00 IN6239   611 SUH BP734 07/07/2020 246.35 01/02/2020 Text Books  
    Dewey Decimal Classification     B.Pharma PIET C-LIBRARY PIET C-LIBRARY 01/02/2020 Kirti Prakashan IN Rupees 379.00 IN6239   611 SUH BP735 07/07/2020 246.35 01/02/2020 Reference Books  
    Dewey Decimal Classification     B.Pharma PIET C-LIBRARY PIET C-LIBRARY 13/02/2020 Kirti Prakashan Indian Rup 379.00 IN6397   611 SUH BP1364 14/07/2020 246.35 13/02/2020 Text Books  
    Dewey Decimal Classification     B.Pharma PIET C-LIBRARY PIET C-LIBRARY 13/02/2020 Kirti Prakashan Indian Rup 379.00 IN6397 3 611 SUH BP1365 12/09/2023 246.35 13/02/2020 Text Books 05/08/2023

Design & Developed by: PIET Central Library
R70 Miles Stone Pattikalyana Samalkha Panipat 132102
mail ID :- [email protected], Phone No:- 0180-2569700 Ex.216